Loading...
India'S Social Heritage
| Main Author: | |
|---|---|
| Format: | Printed Book |
| Language: | Undetermined |
| Published: |
New Delhi:
Vikas Publishin House Pvt. Ltd.,
1975
|
| Subjects: |
| LEADER | 00516nam a2200157Ia 4500 | ||
|---|---|---|---|
| 008 | 200110s9999||||xx |||||||||||||| ||und|| | ||
| 080 | |a 309.54 |b OMAL | ||
| 100 | |a O'Malley, L S S | ||
| 245 | 0 | |a India'S Social Heritage | |
| 260 | |a New Delhi: |b Vikas Publishin House Pvt. Ltd., |c 1975 | ||
| 300 | |a 194 p. |f HB | ||
| 500 | |a General | ||
| 650 | |a India'S Social Heritage | ||
| 942 | |c BK | ||
| 999 | |c 252858 |d 252858 | ||
| 952 | |0 0 |1 0 |4 0 |6 309_540000000000000_OMAL |7 0 |9 268783 |a SOC |b SOC |l 0 |o 309.54 OMAL |p SOC2649 |r 2020-01-14 |w 2020-01-14 |y BK | ||